000 00588nam a2200205 4500
003 OSt
005 20240703080836.0
006 a
008 240703b |||||||| |||| 00| 0 eng d
020 _a9781405126793
040 _aDWCL-Main lib.
_cOC
082 _aCirc. 580 C989p 2008
100 _aCutler, D. F.
245 _aPlant anatomy : an applied approach /
260 _aUSA :
_bBlackwell Pub.,
_cc2008.
300 _avii,
_b302 p. : ill. ;
_c24 cm.
504 _aIncludes bibliographical references and index.
650 _a1. Plants-Anatomy.
942 _2ddc
_n0
_cBK-CIRC
_kCirc.
999 _c1900
_d1900